|
|
|
|
| LEADER |
01684nam a22004093i 4500 |
| 001 |
EBC30291757 |
| 003 |
MiAaPQ |
| 005 |
20231204023229.0 |
| 006 |
m o d | |
| 007 |
cr cnu|||||||| |
| 008 |
231204s2017 xx o ||||0 eng d |
| 020 |
|
|
|a 9781526110916
|q (electronic bk.)
|
| 020 |
|
|
|z 9781526110886
|
| 035 |
|
|
|a (MiAaPQ)EBC30291757
|
| 035 |
|
|
|a (Au-PeEL)EBL30291757
|
| 035 |
|
|
|a (OCoLC)1004764866
|
| 040 |
|
|
|a MiAaPQ
|b eng
|e rda
|e pn
|c MiAaPQ
|d MiAaPQ
|
| 082 |
0 |
|
|a 610.9
|
| 100 |
1 |
|
|a Holmberg, Christine.
|
| 245 |
1 |
4 |
|a The Politics of Vaccination :
|b A Global History.
|
| 250 |
|
|
|a 1st ed.
|
| 264 |
|
1 |
|a Manchester :
|b Manchester University Press,
|c 2017.
|
| 264 |
|
4 |
|c Ã2017.
|
| 300 |
|
|
|a 1 online resource (358 pages)
|
| 336 |
|
|
|a text
|b txt
|2 rdacontent
|
| 337 |
|
|
|a computer
|b c
|2 rdamedia
|
| 338 |
|
|
|a online resource
|b cr
|2 rdacarrier
|
| 520 |
|
|
|a Provides a comprehensive, comparative study of global vaccine politics and their social, economic and historical context.
|
| 588 |
|
|
|a Description based on publisher supplied metadata and other sources.
|
| 590 |
|
|
|a Electronic reproduction. Ann Arbor, Michigan : ProQuest Ebook Central, 2023. Available via World Wide Web. Access may be limited to ProQuest Ebook Central affiliated libraries.
|
| 655 |
|
4 |
|a Electronic books.
|
| 700 |
1 |
|
|a Cantor, David.
|
| 700 |
1 |
|
|a Blume, Stuart.
|
| 700 |
1 |
|
|a Greenough, Paul.
|
| 776 |
0 |
8 |
|i Print version:
|a Holmberg, Christine
|t The Politics of Vaccination
|d Manchester : Manchester University Press,c2017
|z 9781526110886
|
| 797 |
2 |
|
|a ProQuest (Firm)
|
| 856 |
4 |
0 |
|u https://ebookcentral.proquest.com/lib/matrademy/detail.action?docID=30291757
|z Click to View
|